Online Catalogue and eLibrary

The History of prostitution : (Record no. 373)

MARC details
000 -LEADER
fixed length control field 00414nam a22001577a 4500
005 - DATE AND TIME OF LATEST TRANSACTION
control field 20240212054551.0
008 - FIXED-LENGTH DATA ELEMENTS--GENERAL INFORMATION
fixed length control field 240212b |||||||| |||| 00| 0 eng d
020 ## - INTERNATIONAL STANDARD BOOK NUMBER
ISBN 1859584926
082 ## - DDC Classification
DDC Edition Number 22
Class No. 306.74.
Item Number - Author Mark GEO.
100 ## - MAIN ENTRY--PERSONAL NAME
Personal name Scott Ryley George .
245 ## - TITLE STATEMENT
Title The History of prostitution :
260 ## - PUBLICATION, DISTRIBUTION, ETC.
Place of publication, distribution, etc. London :
Name of publisher, distributor, etc. Ladies of vice by tallis press Ltd.,
Date of publication, distribution, etc. 1968.
300 ## - PHYSICAL DESCRIPTION
Extent (e.g. Volumes, Pages etc.) 187 p.,
650 ## - SUBJECT ADDED ENTRY--TOPICAL TERM
Topical term or geographic name entry element Social.
942 ## - Koha item type (Biblio)
Koha item type Books in Stacks (Lending)
Holdings
Lost status Damaged status Collection code Home library Current library Date acquired Full call number Accession Number Item type
    Lending WERC Library WERC Library 02/12/2024 306.74. GEO. 2533 Books in Stacks (Lending)

© WERC Library